00750nam a2200217 a 450000100100000000500170001000800410002704000250006808200170009310000450011024500730015526000280022830000100025650400690026650400300033560000820036565000280044765000310047504900090050699900170051500002512620240412074251.0090928s1945 dr 000 0 spa d aDO-SdBNPbspacBNPHU a923.7bR696s1 aRodríguez Demorizi, Silveria R.92381910aSalomé Ureña de Henríquez /cSilveria R. Rodríguez Demorizi. a[s.l. :bs.n.,c1945?]. a45 p. aIncluye referencias bibliográficas y notas al pie de página. aBibliografía : p.41-45. 0aUREÑA DE HENRIQUEZ, SALOME,d1850-1897xCRÍTICA E INTERPRETACIÓN923820 0aPoesía dominicana966 0aLiteratura dominicana.967 aBNPD c24619d24619